La increíble odisea de los Cátaros

Guardado en:
Detalles Bibliográficos
Autor principal: Julien, Lucienne (Autor)
Formato: Libro
Lenguaje:español
Publicado: Gerona Susaeta S. A 1995
Edición:1a. ed
Colección:La Otra Historia, 1
Materias:
Etiquetas: Agregar Etiqueta
Sin Etiquetas, Sea el primero en etiquetar este registro!

MARC

LEADER 00000cam a2200000 a 4500
001 UCC6211
003 CL-VaPUC
008 181130e19950000sp |||||||||||||||||spa|d
082 0 4 |a 273.6  |b JUL  |2 21 
100 0 |a Julien, Lucienne  |e author  |9 600643 
245 1 3 |a La increíble odisea de los Cátaros 
250 |a 1a. ed 
300 |a 187 p 
942 |c BK 
945 |d 20181130 13:53:00  |a dcastane 
260 |a Gerona  |b Susaeta S. A  |c 1995 
650 7 |a CATAROS  |2 CL-VaPUC  |9 433906 
650 7 |a HEREJIAS Y HEREJES  |2 CL-VaPUC  |9 266272 
650 0 |a Maniqueísmo  |9 322041 
650 0 |a Historia de la religión  |9 313185 
583 |a last modification  |c 20181130 13:53:00  |k Rodrigo Vera 
490 0 |a La Otra Historia, 1 
999 |c 373205  |d 373203 
952 |0 0  |1 0  |3 erd  |4 0  |6 273_600000000000000_JUL_1995  |7 0  |8 C  |9 491206  |a BIBCUR  |b BIBCUR  |i 5517745  |o 273.6 JUL 1995  |p 5517745  |r 2025-04-22  |w 2019-11-24  |y BK  |z Catalogado en:20181130  |k CAC